MARC

LEADER 00000nam0a2200000 4500
001 252287
005 20231101232733.0
035 |a (RuTPU)RU\TPU\book\274618 
090 |a 252287 
100 |a 20140228d1955 k y0rusy50 ca 
101 0 |a rus 
102 |a RU 
105 |a y dz 100zb 
200 1 |a Аннотации докладов X научно-технической конференции (21-25 мая 1955 г.)  |f Новосибирский институт инженеров геодезии, аэрофотосъемки и картографии (НИИГАиК) ; Научно-техническая конференция 
210 |a Новосибирск  |c Изд-во НИИГАИК  |d 1955 
215 |a 22 с. 
600 1 |a Гаусс  |b К. Ф.  |f 1777-1855  |g Карл Фридрих  |c немецкий математик  |2 stltpush  |3 (RuTPU)RU\TPU\pers\4400 
606 1 |a Геодезия  |2 stltpush  |3 (RuTPU)RU\TPU\subj\6015  |9 33982 
606 1 |a Картография  |2 stltpush  |3 (RuTPU)RU\TPU\subj\39381  |9 59494 
610 1 |a геодезические координаты 
610 1 |a уравнения 
610 1 |a номограммы 
610 1 |a аэроснимки 
610 1 |a обработка данных 
610 1 |a шрифты 
675 |a 528  |v 3 
675 |a 528.9  |v 3 
712 0 2 |a Новосибирский институт инженеров геодезии, аэрофотосъемки и картографии (НИИГАиК)  |c (1939-1994)  |2 stltpush  |3 (RuTPU)RU\TPU\col\8121 
712 1 2 |a Научно-техническая конференция  |c аннотации докладов  |d 10  |e Новосибирск  |f 1955 
801 1 |a RU  |b 63413507  |c 20140228 
801 2 |a RU  |b 63413507  |c 20140306  |g RCR 
942 |c BK